000 00281nam a2200097Ia 4500
001 801215
005 20250826171033.0
008 250824s9999 xx 000 0 und d
245 0 _aALİ KOPTER VAY BAŞIMA GELENLERGELENLER
_cŞEBNEM GÜLER KARACAN
260 _bUĞUR BÖCEĞİ YAYINLARI
999 _c801215
_d801215